Music Quiz

Random Music or Song Quiz

'H' Rock Songs Quiz Stats

 Plays Quiz not verified by Sporcle

Also try: 'I' Rock Songs
Challenge
Share
Tweet
Embed
Score 0/20 Timer 02:00
0 Plays Today
% Correct
So
97.2%
Jack
96.5%
Hell
95.9%
Rain
95.6%
Care
95.3%
Sun
94%
Glass
93.1%
Ground
92.5%
Moon
92.1%
Delilah
92.1%
% Correct
Heart
91.8%
Revisited
90.9%
Girl
89.9%
Explain
89%
Over
87.1%
Gun
87.1%
Together
84.3%
Ending
78.3%
Clean
76.1%
Fire
58.8%

You're not logged in!

Compare scores with friends on all Sporcle quizzes.
Join for Free
OR
Log In

You Might Also Like...

Show Comments

Extras

Top Quizzes Today


Score Distribution

Your Account Isn't Verified!

In order to create a playlist on Sporcle, you need to verify the email address you used during registration. Go to your Sporcle Settings to finish the process.

Report this User

Report this user for behavior that violates our Community Guidelines.

Details: